000 00495 a2200193 4500
005 20260128105533.0
008 260127b |||||||| |||| 00| 0 eng d
020 _a9788183766180
_cRs. 1695.00
040 _aMAIN
082 _a342.54
_bS98C
100 _aSaxena, A K
245 _aConstitutional history of India
260 _bABD Publishers
_c2025
_aJaipur
300 _aviii, 244
650 _aLaw
650 _aConstitutional Law-India
650 _aAdministration Law
942 _cBK
999 _c394419
_d394419